000
00210nam a22000857a 4500
999
_c
11003
_d
11003
008
180717b ||||| |||| 00| 0 eng d
100
_a
Kids
_9
6794
245
_a
Timeless Tales from Panchatantra
260
_a
New Delhi